000 00382nam a2200133 a 4500
001 000028949
005 20200930055233.0
008 110412s2006 dr a r 000 0 spa d
040 _aDO-SdBNP
_bspa
_cBNPHU
082 _axxxx
_bP832r, 2006
245 0 0 _aPor el rescate de los valores Patrios.
260 _aSanto Domingo :
_bImpresora Azteca,
_c2006.
300 _a45 p. :
_bil. ;
_c22 cm.
999 _c28441
_d28441